000 00308nam a2200133Ia 4500
100 _aNarang
650 _aAutomobiles
942 _cBK
654 _aInstruments Mechanics Solved Papers
245 _aInstruments Mechanics Solved Papers
260 _bNew Heights
_aNewDelhi
546 _aHINDI
999 _c33732
_d33732